A la memoria de Abilio Arancibia. Homenaje de sentido recuerdo y de gratitud sincera que ofrecen sus discípulos y amigos
Bewaard in:
| Hoofdauteur: | |
|---|---|
| Formaat: | Boek |
| Taal: | Spaans |
| Gepubliceerd in: |
Santiago
Imprenta Cervantes
1893
|
| Editie: | 1a. ed |
| Onderwerpen: | |
| Tags: |
Voeg label toe
Geen labels, Wees de eerste die dit record labelt!
|
MARC
| LEADER | 00000nam a2200000 a 4500 | ||
|---|---|---|---|
| 001 | UCJ4221 | ||
| 003 | CL-VaPUC | ||
| 008 | 070124e18930700CL |||||||||||||||||spa|d | ||
| 082 | 0 | 4 | |a 923 |b ARA |2 21 |
| 100 | |a Moreno, Juan Eduardo |e autor |9 507458 | ||
| 245 | 1 | 0 | |a A la memoria de Abilio Arancibia. Homenaje de sentido recuerdo y de gratitud sincera que ofrecen sus discípulos y amigos |
| 250 | |a 1a. ed | ||
| 300 | |a 74 p | ||
| 942 | |c BK | ||
| 945 | |d 20070124 00:00:00 |a rinostro | ||
| 260 | |a Santiago |b Imprenta Cervantes |c 1893 | ||
| 500 | |a Fotografía de A. Arancibia | ||
| 600 | 0 | 7 | |a ARANCIBIA, ABILIO |2 CL-VaPUC |9 507459 |
| 650 | 7 | |a BIOGRAFIA |2 CL-VaPUC |9 504622 | |
| 650 | 7 | |a HOMILIA FUNERAl |2 CL-VaPUC |9 507419 | |
| 650 | 0 | |a Educación |9 258661 | |
| 650 | 0 | |a Iconografía |9 267998 | |
| 583 | |a last modification |c 20070124 00:00:00 |k Rodrigo Vera | ||
| 999 | |c 320338 |d 320336 | ||
| 952 | |0 0 |1 0 |4 0 |6 923_000000000000000_ARA_1893 |7 0 |8 X |9 398845 |a FDOBUD |b FDOBUD |d 2019-11-22 |i 1015486 |o 923 ARA 1893 |p 1015486 |r 2019-11-22 |w 2019-11-22 |y BK_X |k BUD | ||